000 00979nam0a22002411 4500
001 rc\1033896
005 20250622084746.0
035 _a(NLR Aleph) 006197148
090 _a6228137
_c6228137
100 _a20041129d1981 |||y0rusy50 ca
101 0 _arus
102 _aRU
105 _ay |||||||||
200 1 _aХозяйственный механизм и стимулы повышения эффективности труда
_e(Метод. указания)
_fМ-во угол. пром-сти СССР, Ин-т повышения квалификации руководящих работников и специалистов. Каф. НОТ и АСУ
_gСост. к. э. н. Клеткин А.Г.
210 _aЛюберцы
_cБ. и.
_d1981
215 _a[2], 38 с.
_d20
320 _aБиблиогр.: с. 38
333 _aДСП. Экз. № 493
801 0 _aRU
_bNLR
_gpsbo
801 1 _aRU
_bELAR
_2rusmarc
852 _aNLR
_j81-50К/5333
942 _cBOOK
980 _aNB